000 00306nam a22001337a 4500
008 171107b xxu||||| |||| 00| 0 eng d
020 _a9781934319802
041 _aeng
080 _26 ED
_a3300.722.6
100 _a62
101 _aKON
245 _aACCOTUING MANAGERIAL
_cMORSE/W/J
942 _2udc
_cBK
999 _c38047
_d38047